| Поле | Инд. | ПП | Название | Значение |
|---|---|---|---|---|
| Тип записи | a | |||
| Библиографический уровень | s | |||
| 001 | Контрольный номер | RU/IS/BASE/418918316 | ||
| 005 | Дата корректировки | 20260126080020.9 | ||
| 008 | Кодируемые данные | 20130410 | ||
| 022 | 0_ | a | ISSN | 2074-8132 |
| 084 | a | Индекс другой классификации/Индекс ББК | 28.71 | |
| 090 | a | Полочн. индекс | Сводное описание журнала | |
| 245 | 10 | a | Заглавие | Вестник Московского университета. Серия 23, Антропология |
| b | Продолж. заглавия | научный журнал | ||
| c | Ответственность | учредитель: МГУ им. М. В. Ломоносова; гл. ред. А. П. Бужилова | ||
| 260 | b | Издательство | Издательство Московского университета | |
| a | Место издания | Москва | ||
| 300 | a | Объем | 159 с. | |
| 310 | a | Периодичность в н.в. | 1 раз в 3 месяца | |
| 362 | 1_ | a | Даты публикации или номер тома | 2009 - |
| 500 | a | Примечание | Журнал, основан в ноябре 2009 году | |
| 520 | 0_ | a | Аннотация | В журнале печатаются оригинальные статьи по биологическим проблемам эволюции человека и его современного разнообразия, онтогенетического развития и морфологии, а также по экологии человеческих групп и антропологическим аспектам этногенеза древних и современных народов. Также освещаются основные события в жизни отечественного и мирового антропологического сообщества, помещается информация о предстоящих и прошедших конференциях, симпозиумах и семинарах, критические обзоры вновь вышедших книг и другая библиографическая информация. Отражаются проблемы смежных наук, тесно связанных с основной тематикой журнала |
| 540 | a | Правовые условия | Бесплатный доступ с регистрацией | |
| b | Поставщик/Провайдер | eLIBRARY | ||
| 540 | a | Правовые условия | Открытый доступ | |
| b | Поставщик/Провайдер | МГУ имени М.В. Ломоносова | ||
| c | Источник права | лицензия Creative Commons | ||
| 650 | 14 | a | Основная рубрика | антропология; биология человека; археология; историческая этнология (историческая этнография); этнология (этнография); генетика |
| a | Основная рубрика | исторические науки; биология | ||
| 653 | 1_ | a | Ключевые слова | генетика человека (антропогенетика) |
| a | Ключевые слова | палеоантропология | ||
| a | Ключевые слова | этническая антропология | ||
| 856 | 40 | u | URL | https://elibrary.ru/contents.asp?id=34482785 |
| y | Справочный текст | Электронная версия | ||
| a | Имя сервера/домена | Научная электронная библиотека eLIBRARY.RU | ||
| d | Путь | http://elibrary.ru | ||
| i | Указания/сценарий входа | Доступ после регистрации на компьютерах университета | ||
| z | Примечание для пользователя | Архив с 2009 г. по настоящее время | ||
| 856 | 40 | a | Имя сервера/домена | Вестник Московского университета. Серия XXIII. Антропология |
| y | Справочный текст | Электронная версия | ||
| z | Примечание для пользователя | Архив с 2009 г. по настоящее время | ||
| d | Путь | https://laj-msu.ru/ | ||
| u | URL | https://laj-msu.ru/volumes/ | ||
| i | Указания/сценарий входа | Открытый доступ | ||
| 901 | t | Тип документа | u | |
| 952 | a | Тип литературы для КСУ ВШ | НЖ | |
| 991 | s | 4 |